000 00542nam a2200229Ia 4500
003 0100
008 130227s9999 xx 000 0 und d
040 _cARRUPELIB
050 _aHB171.N495
245 _aGame theory
260 _aNew York
260 _bNorton
260 _C1989
300 _a264p.
300 _b 23 cm
440 _aThe New Palgrave
650 _bVon Mises, Ludwig, 1881-1973
650 _cMarx, Karl, 1818-1883
650 _dEconomics--History
700 _aEatwell, John ...(et al) (ed.)
942 _2lcc
_01
999 _c2828
_d2828